Analytické metódy na sledovanie flumetrínu v bioproduktoch s pesticídnym účinkom do včelích úľov

Na minha lista:
Detalhes bibliográficos
Autor principal: Rusnáková, Mária (Author)
Outros Autores: Hrouzková, Svetlana (Thesis advisor)
Formato: Manuscrito Livro
Idioma:eslovaco
Publicado em: 2024
Assuntos:
Acesso em linha:http://is.stuba.sk/zp/portal_zp.pl?podrobnosti=176590
Tags: Adicionar Tag
Sem tags, seja o primeiro a adicionar uma tag!

MARC

LEADER 00000ntm a22000003a 4500
001 stuzp98847
003 SK-STU
005 20240601210421.0
007 ta
008 150427s2015----xo-----f-mn---000-0-slo-d
040 |a STU  |b slo 
041 0 |a slo 
100 1 |a Rusnáková, Mária  |u 041000  |4 aut  |U FCHPT Fakulta chemickej a potravinárskej technológie  |T FCHPT Ústav analytickej chémie  |X 97526  |U C1000  |Y 99  |7 97526 
242 0 1 |a Analytical methods for monitoring flumethrin in organic products with a pesticidal effect applied on beehives  |y eng 
245 1 0 |a Analytické metódy na sledovanie flumetrínu v bioproduktoch s pesticídnym účinkom do včelích úľov 
260 |c 2024 
650 4 |a flumetrín  |2 slo 
650 4 |a včela medonosná  |2 slo 
650 4 |a esenciálne oleje  |2 slo 
650 4 |a chromatografická metóda  |2 slo 
650 4 |a sampler  |2 slo 
650 4 |a honey bee  |2 eng 
650 4 |a sampler  |2 eng 
650 4 |a chromatographic methods  |2 eng 
650 4 |a essential oils  |2 eng 
650 4 |a Flumethrin  |2 eng 
700 1 |a Hrouzková, Svetlana  |u 041000  |k Z1  |4 ths  |U FCHPT Fakulta chemickej a potravinárskej technológie  |T FCHPT Ústav analytickej chémie  |X 3892  |U C1000  |Y 99  |7 A000003892 
856 4 |u http://is.stuba.sk/zp/portal_zp.pl?podrobnosti=176590